|
|
|
|
| LEADER |
00000cam a22000004a 4500 |
| 001 |
musev2_74783 |
| 003 |
MdBmJHUP |
| 005 |
20230905051738.0 |
| 006 |
m o d |
| 007 |
cr||||||||nn|n |
| 008 |
911212s1994 mx o 00 0 spa d |
| 020 |
|
|
|a 9786076288986
|
| 020 |
|
|
|z 9789681204716
|
| 035 |
|
|
|a (OCoLC)1151464121
|
| 040 |
|
|
|a MdBmJHUP
|c MdBmJHUP
|
| 245 |
0 |
0 |
|a Textos y pre-textos :
|b once estudios sobre la mujer /
|c Vania Salles, Elsie Mc Phail, coordinadoras ; Citlali Aguilar [and others].
|
| 250 |
|
|
|a 1. reimpresion.
|
| 264 |
|
1 |
|a Mexico, D.F. :
|b Colegio de Mexico,
|c 1994.
|
| 264 |
|
3 |
|a Baltimore, Md. :
|b Project MUSE,
|c 2020
|
| 264 |
|
4 |
|c ©1994.
|
| 300 |
|
|
|a 1 online resource:
|b illustrations ;
|
| 336 |
|
|
|a text
|b txt
|2 rdacontent
|
| 337 |
|
|
|a computer
|b c
|2 rdamedia
|
| 338 |
|
|
|a online resource
|b cr
|2 rdacarrier
|
| 500 |
|
|
|a On cover: Programa Interdisciplinario de Estudios de la Mujer.
|
| 506 |
0 |
|
|a Open Access
|f Unrestricted online access
|2 star
|
| 588 |
|
|
|a Description based on print version record.
|
| 650 |
|
7 |
|a Women
|x Social conditions.
|2 fast
|0 (OCoLC)fst01176947
|
| 650 |
|
7 |
|a Women
|x Employment.
|2 fast
|0 (OCoLC)fst01176715
|
| 650 |
|
0 |
|a Women
|x Employment
|z Mexico.
|
| 650 |
|
0 |
|a Women
|z Mexico
|x Social conditions.
|
| 651 |
|
7 |
|a Mexico.
|2 fast
|0 (OCoLC)fst01211700
|
| 655 |
|
7 |
|a Electronic books.
|2 local
|
| 700 |
1 |
|
|a Aguilar, Citlali.
|
| 700 |
1 |
|
|a Mc Phail, Elsie.
|
| 700 |
1 |
|
|a Salles, Vania.
|
| 710 |
2 |
|
|a Colegio de Mexico.
|b Programa Interdisciplinario de Estudios de la Mujer.
|
| 710 |
2 |
|
|a Project Muse.
|e distributor
|
| 830 |
|
0 |
|a Book collections on Project MUSE.
|
| 856 |
4 |
0 |
|z Texto completo
|u https://projectmuse.uam.elogim.com/book/74783/
|